000 00492nam a2200181Ia 4500
008 240925s9999 xx 000 0 und d
020 _a9788131501795
082 _a621.3822 AMB
100 _aAmbardar, Ashok
245 0 _aDigital Signal Processing: a modern introduction
250 _aNA
260 _aAustralia:
_bCENGAGE Learning
_c,2007.
300 _axiv, 258p.
_b0
_fOriginal
500 _aIncludes Index
600 _aElectrical Engineering
650 _aTechnology
942 _cBK
999 _c12493
_d12493